[Event "Solingen"]
[Site "IX. Karnevals-Open"]
[Date "2018.02.09"]
[Round "1.1"]
[White "Rohfleisch, Daniel"]
[Black "Wegerle, Jörg"]
[Result "0-1"]
[WhiteElo "1820"]
[BlackElo "2420"]
[PlyCount "72"]
[EventDate "2018.??.??"]
[WhiteTeam "OSC Rheinhausen"]
[BlackTeam "SG Solingen"]

1. e4 c5 2. c3 Nf6 3. e5 Nd5 4. d4 cxd4 5. Nf3 Nc6 6. cxd4 d6 7. Bc4 e6 8. O-O
Be7 9. b3 Nb6 10. Bb5 Bd7 11. a4 a6 12. Bxc6 Bxc6 13. Ba3 O-O 14. Nbd2 Rc8 15.
a5 Nd5 16. Nc4 dxe5 17. Bxe7 Qxe7 18. dxe5 Bb5 19. Nd6 Bxf1 20. Nxc8 Rxc8 21.
Kxf1 Qb4 22. Ng5 h6 23. Nf3 Rc5 24. Qd4 Rxa5 25. Qxb4 Rxa1+ 26. Qe1 Rxe1+ 27.
Kxe1 Kf8 28. Kd2 Ke7 29. g3 f5 30. Kd3 Kd7 31. Kc4 Ne7 32. Kc5 Nc8 33. Nd2 b6+
34. Kb4 g5 35. f4 gxf4 36. gxf4 Ne7 0-1

[Event "Solingen"]
[Site "IX. Karnevals-Open"]
[Date "2018.02.09"]
[Round "1.2"]
[White "Coenen, Michael"]
[Black "Scheffner, Jarno"]
[Result "1-0"]
[WhiteElo "2365"]
[BlackElo "1800"]
[PlyCount "71"]
[EventDate "2018.??.??"]
[WhiteTeam "Düsseldorfer SK"]
[BlackTeam "SK Nordhorn-Blanke"]

1. d4 Nf6 2. Bg5 Ne4 3. Bf4 d5 4. e3 c5 5. c3 Nc6 6. Bd3 Nf6 7. h3 Qb6 8. Qc1
cxd4 9. exd4 Bd7 10. Nf3 Rc8 11. Nbd2 Nb4 12. Bb1 Bb5 13. Qd1 Nd3+ 14. Bxd3
Bxd3 15. Ne5 Bb5 16. Qb3 e6 17. a4 Bd7 18. O-O Nh5 19. Bh2 Bd6 20. Kh1 f6 21.
Qd1 fxe5 22. Qxh5+ g6 23. Qh6 Bf8 24. Qg5 exd4 25. Be5 Rg8 26. Bxd4 Bc5 27. Nf3
Bxd4 28. cxd4 Rc4 29. Qh6 Qxb2 30. Rab1 Qe2 31. Ne5 Rc7 32. Qxh7 Rf8 33. Rfc1
Qh5 34. Qg7 Rxc1+ 35. Rxc1 Bc6 36. Rxc6 1-0

[Event "Solingen"]
[Site "IX. Karnevals-Open"]
[Date "2018.02.09"]
[Round "1.3"]
[White "Bigott, Martin"]
[Black "Michalczak, Thomas"]
[Result "0-1"]
[WhiteElo "1793"]
[BlackElo "2283"]
[PlyCount "26"]
[EventDate "2018.??.??"]
[WhiteTeam "SF Lohmar"]
[BlackTeam "SG Solingen"]

1. d4 Nf6 2. Bg5 Ne4 3. Bf4 c5 4. Nd2 Nxd2 5. Qxd2 cxd4 6. Nf3 d6 7. Bg5 f6 8.
Bh4 e5 9. e3 dxe3 10. fxe3 Be6 11. Bb5+ Nc6 12. O-O Be7 13. e4 Qb6+ 0-1

[Event "Solingen"]
[Site "IX. Karnevals-Open"]
[Date "2018.02.09"]
[Round "1.4"]
[White "Marcziter, Dr. Dmitrii"]
[Black "Ostra, Noah"]
[Result "1-0"]
[WhiteElo "2277"]
[BlackElo "1793"]
[PlyCount "177"]
[EventDate "2018.??.??"]
[WhiteTeam "DJK Aufwärts Aachen"]
[BlackTeam "SG Ennepe-Ruhr-Süd"]

1. d4 Nf6 2. c4 g6 3. Nf3 Bg7 4. g3 O-O 5. Bg2 c5 6. O-O cxd4 7. Nxd4 Nc6 8.
Nc3 Nxd4 9. Qxd4 d6 10. Qd2 Qc7 11. b3 Bd7 12. Bb2 Bc6 13. e4 a6 14. Qe2 Rab8
15. Rac1 Rfc8 16. Rfe1 e5 17. Rcd1 b5 18. Nd5 Nxd5 19. cxd5 Bd7 20. Rc1 Qa5 21.
a3 Rxc1 22. Rxc1 Rc8 23. Rxc8+ Bxc8 24. h3 Qc7 25. Qd2 h6 26. Bc3 Bf8 27. Ba5
Qc5 28. Bb4 Qc7 29. Bf1 Kg7 30. Ba5 Qc5 31. b4 Qa7 32. Qc3 Bd7 33. Kg2 Qb8 34.
a4 Be7 35. Be2 h5 36. g4 Kh6 37. axb5 axb5 38. Qf3 Qg8 39. Bb6 hxg4 40. hxg4 g5
41. Qa3 Qc8 42. Qa7 Qc2 43. Bf3 Qc8 44. Kg3 Kg7 45. Kg2 Kf6 46. Be2 Bf8 47. f3
Kg7 48. Bc7 Be8 49. Qb6 Qd7 50. Qb8 Be7 51. Kg3 Kg6 52. Bd3 Kg7 53. Bb6 Kg6 54.
Qa8 Kg7 55. Be3 Kg6 56. Kf2 Qd8 57. Qb7 Qd7 58. Qa6 Kg7 59. Ke2 Kg6 60. Kd2 Kg7
61. Bb6 Kg6 62. Qa8 Kg7 63. Ke2 Kg6 64. Qa6 Kg7 65. Be3 f6 66. Bb6 Kg6 67. Qa8
Kg7 68. Kf2 Kg6 69. Qb8 Kg7 70. Bc7 Kg6 71. Qa7 Bd8 72. Bxb5 Qxc7 73. Bxe8+ Kg7
74. Qa4 Qb6+ 75. Ke2 Qg1 76. Qd7+ Kh6 77. Qxd8 Qg2+ 78. Ke3 Qg1+ 79. Ke2 Qg2+
80. Kd3 Qxf3+ 81. Kc4 Qe2+ 82. Kc3 Qe3+ 83. Kb2 Qd4+ 84. Kb3 Qd1+ 85. Ka2 Qc2+
86. Ka3 Qd3+ 87. Ka4 Qc2+ 88. Ka5 Qa2+ 89. Ba4 1-0

[Event "Solingen"]
[Site "IX. Karnevals-Open"]
[Date "2018.02.09"]
[Round "1.5"]
[White "Kublanov, Carolin"]
[Black "Dresen, Ulrich"]
[Result "1/2-1/2"]
[WhiteElo "1774"]
[BlackElo "2221"]
[PlyCount "51"]
[EventDate "2018.??.??"]
[WhiteTeam "SG Solingen"]
[BlackTeam "SF Gerresheim"]

1. e4 e5 2. Nf3 Nc6 3. Bb5 a6 4. Ba4 Nf6 5. O-O Be7 6. Re1 b5 7. Bb3 d6 8. c3
O-O 9. d4 Bg4 10. d5 Na5 11. Bc2 c6 12. dxc6 Qc7 13. Nbd2 Qxc6 14. h3 Be6 15.
Nf1 Rfe8 16. Ng3 Bf8 17. Ng5 g6 18. Nxe6 Rxe6 19. Bg5 Bg7 20. a4 Ree8 21. axb5
axb5 22. Qd3 h6 23. Bxf6 Bxf6 24. Red1 Nc4 25. Rxa8 Rxa8 26. Qf3 1/2-1/2

[Event "Solingen"]
[Site "IX. Karnevals-Open"]
[Date "2018.02.09"]
[Round "1.6"]
[White "Nagel, Bernhard"]
[Black "Wilde, Justin"]
[Result "1-0"]
[WhiteElo "2206"]
[BlackElo "1762"]
[PlyCount "105"]
[EventDate "2018.??.??"]
[WhiteTeam "Kölner SK Dr. Lasker"]
[BlackTeam "SG Kaarst"]

1. d4 d5 2. Nf3 Nf6 3. c4 e6 4. g3 dxc4 5. Bg2 a6 6. O-O Nc6 7. a4 Rb8 8. Bg5
Be7 9. e3 Nd5 10. Bxe7 Qxe7 11. Qc1 Na5 12. Nbd2 Qb4 13. Ne5 Nb6 14. Qd1 O-O
15. Be4 f6 16. Nef3 Qxb2 17. Qe2 Qb4 18. Rfb1 Qd6 19. Bc2 e5 20. Ne4 Qe7 21.
Qd2 Bg4 22. Qxa5 Bxf3 23. Nd2 Bc6 24. Qc3 exd4 25. exd4 Rfe8 26. a5 Nd5 27.
Qxc4 Qe2 28. Rd1 Rbd8 29. Qxe2 Rxe2 30. Bd3 Re7 31. Nb3 Rde8 32. Bc4 Kf8 33.
Rdc1 Re4 34. Bxa6 Nb4 35. Bf1 Bd5 36. Bc4 c6 37. Bxd5 Nxd5 38. Nc5 Rxd4 39.
Nxb7 Nb4 40. a6 Ra8 41. Nc5 Ke7 42. Ra4 Kd6 43. Nb3 Re4 44. f3 Re2 45. Rxb4
Rxa6 46. Rd4+ Ke5 47. f4+ Kf5 48. Rdc4 Rb2 49. Nd4+ Kg4 50. Rxc6 Ra4 51. R6c4
Ra3 52. f5 Kh3 53. Ne2 1-0

[Event "Solingen"]
[Site "IX. Karnevals-Open"]
[Date "2018.02.09"]
[Round "1.7"]
[White "Bießner, Eberhard"]
[Black "Küppers, Timo"]
[Result "0-1"]
[WhiteElo "1756"]
[BlackElo "2194"]
[PlyCount "34"]
[EventDate "2018.??.??"]
[WhiteTeam "Rheydter SV"]
[BlackTeam "SF Essen-Katernberg"]

1. e3 Nf6 2. d4 c5 3. Nf3 g6 4. c4 Bg7 5. Nc3 O-O 6. g3 cxd4 7. exd4 d5 8. c5
Nc6 9. Rb1 Bg4 10. Be2 b6 11. b4 bxc5 12. bxc5 Ne4 13. Nxe4 dxe4 14. Nd2 Bh3
15. Nb3 Nxd4 16. Nxd4 Bxd4 17. Qa4 Bc3+ 0-1

[Event "Solingen"]
[Site "IX. Karnevals-Open"]
[Date "2018.02.09"]
[Round "1.8"]
[White "Peschel, Andreas"]
[Black "Meckel, Helmut"]
[Result "1-0"]
[WhiteElo "2185"]
[BlackElo "1751"]
[PlyCount "79"]
[EventDate "2018.??.??"]
[WhiteTeam "SG Solingen"]
[BlackTeam "SG Solingen"]

1. d4 f5 2. g3 Nf6 3. Bg2 e6 4. c4 Be7 5. Nc3 d6 6. Nf3 Nbd7 7. Qc2 Nf8 8. O-O
Ng6 9. b3 O-O 10. Bb2 d5 11. Ne5 Nxe5 12. dxe5 Ne4 13. Rad1 Nxc3 14. Qxc3 c6
15. e4 fxe4 16. Bxe4 Qb6 17. Bb1 Bc5 18. Kg2 Bd7 19. Qc2 g6 20. h4 Rf7 21. f4
Raf8 22. Qe2 Qd8 23. Qg4 Rg7 24. b4 h5 25. Qf3 Bxb4 26. Qb3 c5 27. cxd5 Bb5 28.
dxe6 Bxf1+ 29. Kxf1 c4 30. e7 Qxe7 31. Qxc4+ Kh7 32. e6 b5 33. Qd5 Rf6 34. Bxf6
Qxf6 35. Qxh5+ Kg8 36. Qxb5 Qxe6 37. Qxb4 Qh3+ 38. Kf2 Kh7 39. Qb5 Re7 40. Qh5+
1-0

[Event "Solingen"]
[Site "IX. Karnevals-Open"]
[Date "2018.02.09"]
[Round "1.9"]
[White "Jahrke, Jonas"]
[Black "Chittka, Julius"]
[Result "0-1"]
[WhiteElo "1744"]
[BlackElo "2182"]
[PlyCount "60"]
[EventDate "2018.??.??"]
[WhiteTeam "SF Essen-Katernberg"]
[BlackTeam "SF Düsseldorf-Süd"]

1. e4 c5 2. Nf3 Nc6 3. d4 cxd4 4. Nxd4 Nf6 5. Nc3 e5 6. Nf3 Bb4 7. Bc4 O-O 8.
Bg5 Qa5 9. Qd3 d5 10. Nd2 dxc4 11. Nxc4 Qd8 12. Qe3 Qd4 13. Nd2 Qxe3+ 14. Bxe3
Nd4 15. O-O-O Be6 16. a3 Ba5 17. f3 Rac8 18. Bxd4 exd4 19. Nb5 Bb6 20. Kb1 Rfd8
21. e5 Nd5 22. Nd6 Rc7 23. Nb3 Ne3 24. Rd2 Nxc2 25. Rxc2 Bxb3 26. Rxc7 Bxc7 27.
Nxb7 d3 28. Nxd8 Bxd8 29. Kc1 Bg5+ 30. Kb1 d2 0-1

[Event "Solingen"]
[Site "IX. Karnevals-Open"]
[Date "2018.02.09"]
[Round "1.10"]
[White "Naundorf, Maik"]
[Black "Diegel, Jonas"]
[Result "1-0"]
[WhiteElo "2160"]
[BlackElo "1729"]
[PlyCount "43"]
[EventDate "2018.??.??"]
[WhiteTeam "Elberfelder SG"]
[BlackTeam "SG Ennepe-Ruhr-Süd"]

1. c4 c5 2. g3 g6 3. Bg2 Bg7 4. Nc3 Nc6 5. Nf3 e6 6. h4 h6 7. d4 cxd4 8. Nb5 d5
9. cxd5 Qa5+ 10. Bd2 Qxb5 11. dxc6 bxc6 12. a4 Qa6 13. O-O Ne7 14. Bb4 Qb6 15.
Qd2 Ba6 16. Ba5 Qc5 17. Rfc1 Qd5 18. Bb4 Qe4 19. Bxe7 Kxe7 20. Qb4+ Kd7 21. Ng5
Rab8 22. Qc5 1-0

[Event "Solingen"]
[Site "IX. Karnevals-Open"]
[Date "2018.02.09"]
[Round "1.11"]
[White "Westendorp, Christian"]
[Black "Görke, Joachim"]
[Result "0-1"]
[WhiteElo "1728"]
[BlackElo "2122"]
[PlyCount "52"]
[EventDate "2018.??.??"]
[WhiteTeam "SV Turm Kamp-Lintfort"]
[BlackTeam "SG Solingen"]

1. d4 d5 2. c4 e6 3. Nf3 c6 4. Bf4 Nf6 5. e3 Bb4+ 6. Nc3 Ne4 7. Qb3 Qa5 8. Rc1
Nd7 9. Bd3 g5 10. Bxe4 gxf4 11. cxd5 exd5 12. Bf5 Rg8 13. exf4 Rxg2 14. Ng5 Nc5
15. Qc2 Ne6 16. Qe2 Be7 17. Bxe6 Bxe6 18. Nxe6 fxe6 19. Qxe6 Qb4 20. Kf1 Rg6
21. Qe3 O-O-O 22. a3 Qxb2 23. Rb1 Qxa3 24. Ke2 Bb4 25. Rxb4 Qxb4 26. Rb1 Qd6
0-1

[Event "Solingen"]
[Site "IX. Karnevals-Open"]
[Date "2018.02.09"]
[Round "1.12"]
[White "Terhuven, Patrick"]
[Black "Hallmann, Michelle"]
[Result "1-0"]
[WhiteElo "2112"]
[BlackElo "1725"]
[PlyCount "51"]
[EventDate "2018.??.??"]
[WhiteTeam "Krefelder SK Turm"]
[BlackTeam "SG Freibauer Lübbecke"]

1. d4 Nf6 2. Nf3 g6 3. c4 Bg7 4. Nc3 d6 5. e4 O-O 6. Be2 Nbd7 7. O-O e5 8. Qc2
exd4 9. Nxd4 Re8 10. Be3 Nc5 11. f3 a5 12. Rfd1 Qe7 13. Bf1 Ne6 14. Ndb5 Bd7
15. Rac1 Rac8 16. Qd2 Nh5 17. g4 Nf6 18. e5 Nxg4 19. exd6 Qh4 20. fxg4 Be5 21.
Nd5 cxd6 22. Qg2 Bc6 23. Nd4 Nf4 24. Bxf4 Bxf4 25. Nf3 Qh6 26. g5 1-0

[Event "Solingen"]
[Site "IX. Karnevals-Open"]
[Date "2018.02.09"]
[Round "1.13"]
[White "Bashylina, Luisa"]
[Black "Gula, Julian"]
[Result "0-1"]
[WhiteElo "1721"]
[BlackElo "2101"]
[PlyCount "38"]
[EventDate "2018.??.??"]
[WhiteTeam "SG Solingen"]
[BlackTeam "SF Düsseldorf-Süd"]

1. e4 e5 2. Nf3 Nc6 3. d4 exd4 4. Nxd4 Nf6 5. Nxc6 bxc6 6. Bd3 Bc5 7. O-O O-O
8. Nc3 d5 9. e5 Ng4 10. Bf4 f6 11. exf6 Qxf6 12. Ne2 Nxf2 13. Rxf2 Bg4 14. Qe1
Bxe2 15. Qxe2 Qxf4 16. Raf1 Rae8 17. Qf3 Qd2 18. Qh5 Bxf2+ 19. Kh1 Qh6 0-1

[Event "Solingen"]
[Site "IX. Karnevals-Open"]
[Date "2018.02.09"]
[Round "1.14"]
[White "Knudsen, Simon"]
[Black "Hufnagel, Markus"]
[Result "1-0"]
[WhiteElo "2084"]
[BlackElo "1693"]
[PlyCount "51"]
[EventDate "2018.??.??"]
[WhiteTeam "SF Brackel"]
[BlackTeam "SW Oberhausen"]

1. e4 c5 2. Nf3 Nc6 3. Bb5 g6 4. Bxc6 bxc6 5. O-O Bg7 6. Re1 e6 7. d3 Ne7 8.
Nc3 O-O 9. e5 Nf5 10. Ne4 Qe7 11. Bg5 Qe8 12. g4 h6 13. Bf6 Ne7 14. Qd2 d5 15.
exd6 Nd5 16. Bxg7 Kxg7 17. c4 f5 18. gxf5 gxf5 19. Nxc5 Qh5 20. Ne5 Nf6 21. Qf4
Kh7 22. Re3 Rb8 23. d7 Bxd7 24. Ncxd7 Rg8+ 25. Rg3 Nxd7 26. Nxd7 1-0

[Event "Solingen"]
[Site "IX. Karnevals-Open"]
[Date "2018.02.09"]
[Round "1.15"]
[White "Poschadel, Andreas Gregor"]
[Black "Flesch, Dr. Stefan"]
[Result "1/2-1/2"]
[WhiteElo "1691"]
[BlackElo "2081"]
[PlyCount "102"]
[EventDate "2018.??.??"]
[WhiteTeam "Hamelner SV"]
[BlackTeam "SG Solingen"]

1. e4 g6 2. d4 Bg7 3. Nc3 d6 4. f4 a6 5. Nf3 b5 6. a3 Bb7 7. Bd3 Nd7 8. O-O c5
9. d5 Ngf6 10. Re1 O-O 11. h3 Nb6 12. g4 e6 13. dxe6 fxe6 14. Re3 Ne8 15. Re1
d5 16. e5 Nc7 17. Bf1 Qd7 18. Bg2 a5 19. Ne2 b4 20. Ng3 Nc4 21. a4 Nb6 22. b3
Rad8 23. Rb1 d4 24. Ne4 Bxe4 25. Rxe4 Ncd5 26. Bd2 Nc3 27. Bxc3 bxc3 28. Bf1
Nd5 29. Qc1 Qf7 30. Ng5 Qe7 31. Bc4 Bh6 32. h4 Bxg5 33. hxg5 Qf7 34. Bxd5 Rxd5
35. Qf1 Qb7 36. Rbe1 Rd7 37. Qh3 Rdf7 38. Qg3 Qd5 39. Qf2 Rd8 40. Qe2 Rc7 41.
Rd1 c4 42. Rexd4 Qxd4+ 43. Rxd4 Rxd4 44. Qe3 Rd1+ 45. Kh2 cxb3 46. Qb6 bxc2 47.
Qb8+ Kf7 48. Qxc7+ Ke8 49. Qc8+ Ke7 50. Qc7+ Ke8 51. Qc8+ Ke7 1/2-1/2

[Event "Solingen"]
[Site "IX. Karnevals-Open"]
[Date "2018.02.09"]
[Round "1.16"]
[White "Scholzen, Wolfgang"]
[Black "Klugstedt, Vincent"]
[Result "1-0"]
[WhiteElo "2062"]
[BlackElo "1684"]
[PlyCount "47"]
[EventDate "2018.??.??"]
[WhiteTeam "SK Turm Euskirchen"]
[BlackTeam "TV Borken"]

1. d4 Nf6 2. Nf3 e6 3. c4 b6 4. Nc3 Bb4 5. Bg5 O-O 6. e3 Bb7 7. Bd3 d6 8. O-O
Nbd7 9. Rc1 Bxc3 10. Rxc3 e5 11. Bf5 h6 12. Bh4 e4 13. Nd2 g5 14. Bg3 Re8 15.
h4 Nf8 16. hxg5 hxg5 17. d5 Ng6 18. f3 exf3 19. Nxf3 Ne4 20. Bxe4 Rxe4 21. Nd2
Re8 22. Qh5 Bc8 23. Nf3 Qf6 24. Nxg5 1-0

[Event "Solingen"]
[Site "IX. Karnevals-Open"]
[Date "2018.02.09"]
[Round "1.17"]
[White "Büttgenbach, Uwe-Eugen"]
[Black "Neubauer, Jürgen"]
[Result "0-1"]
[WhiteElo "1666"]
[BlackElo "2046"]
[PlyCount "68"]
[EventDate "2018.??.??"]
[WhiteTeam "Ronsdorfer SV"]
[BlackTeam "SK Turm Euskirchen"]

1. e4 g6 2. f4 Bg7 3. Nf3 d6 4. Bc4 c5 5. O-O Nc6 6. c3 Nf6 7. Qc2 O-O 8. a4
Bg4 9. d3 Qd7 10. Qf2 Rad8 11. Bb3 Be6 12. Bxe6 Qxe6 13. Ng5 Qd7 14. h3 h6 15.
Nf3 e5 16. f5 gxf5 17. Nh4 f4 18. Nf5 Ne7 19. g4 Nxf5 20. gxf5 Kh7 21. Qh4 c4
22. Bxf4 exf4 23. Rxf4 cxd3 24. Nd2 Ne8 25. Kh1 Bf6 26. Qf2 Rg8 27. h4 Be5 28.
Rf3 Nf6 29. Rxd3 Nh5 30. Nf1 Rg4 31. Nh2 Ng3+ 32. Rxg3 Rxg3 33. Nf3 Rdg8 34.
Nxe5 Rh3+ 0-1

[Event "Solingen"]
[Site "IX. Karnevals-Open"]
[Date "2018.02.09"]
[Round "1.18"]
[White "Sperling, Lennart"]
[Black "Reinacher, Detlev"]
[Result "1-0"]
[WhiteElo "2043"]
[BlackElo "1661"]
[PlyCount "55"]
[EventDate "2018.??.??"]
[WhiteTeam "SG Kaarst"]
[BlackTeam "SC Hansa Dortmund"]

1. d4 d6 2. Nf3 g6 3. c4 Bg7 4. Nc3 Nf6 5. g3 O-O 6. Bg2 c6 7. O-O Qc7 8. e4
Nbd7 9. h3 a6 10. a4 e5 11. d5 c5 12. Ne1 Nb6 13. Qe2 Nh5 14. a5 Nd7 15. Nd3 b6
16. axb6 Nxb6 17. b3 Bd7 18. Bd2 Qc8 19. Kh2 f5 20. exf5 Bxf5 21. Ne4 Qd7 22.
Ra5 Ra7 23. Rc1 Nf6 24. Nxf6+ Bxf6 25. Be3 Bg7 26. b4 Bxd3 27. Qxd3 cxb4 28.
Bxb6 1-0

[Event "Solingen"]
[Site "IX. Karnevals-Open"]
[Date "2018.02.09"]
[Round "1.19"]
[White "Holdsch, Peter-Michael"]
[Black "Zettl, Thomas"]
[Result "0-1"]
[WhiteElo "1628"]
[BlackElo "1982"]
[PlyCount "90"]
[EventDate "2018.??.??"]
[WhiteTeam "SW Oberhausen"]
[BlackTeam "SF Moers"]

1. Nf3 g6 2. g3 Bg7 3. Bg2 e5 4. d3 Nc6 5. e4 d6 6. Nbd2 f5 7. O-O Nf6 8. Re1
O-O 9. Nf1 h6 10. c3 Kh7 11. h4 Qe8 12. N3h2 Qf7 13. exf5 Bxf5 14. Ne3 Be6 15.
Rf1 Qd7 16. Bd2 Rae8 17. Qe2 d5 18. Nc2 Bf5 19. Ne3 Be6 20. Nc2 Bh3 21. Qd1 a6
22. Bxh3 Qxh3 23. Ne3 e4 24. d4 Qe6 25. Neg4 Rf7 26. Nxf6+ Bxf6 27. Qg4 h5 28.
Qxe6 Rxe6 29. Rae1 Rfe7 30. Bf4 Na5 31. b3 c5 32. c4 dxc4 33. d5 Rb6 34. Bd2 c3
35. Be3 Bd4 36. Rd1 Bxe3 37. fxe3 c4 38. b4 Rxb4 39. Rc1 Rb5 40. d6 Rd7 41. Rf6
Rd5 42. Rcf1 R5xd6 43. Rf8 Rd1 44. Rc8 Rxf1+ 45. Nxf1 c2 0-1

[Event "Solingen"]
[Site "IX. Karnevals-Open"]
[Date "2018.02.09"]
[Round "1.20"]
[White "Bruil, Rembrandt"]
[Black "Tanz, Manfred"]
[Result "1-0"]
[WhiteElo "1976"]
[BlackElo "1627"]
[PlyCount "77"]
[EventDate "2018.??.??"]
[WhiteTeam "SK Turm Kleve"]
[BlackTeam "vereinslos"]

1. d4 d5 2. c4 e6 3. Nc3 Nf6 4. Bg5 Be7 5. e3 b6 6. Nf3 Bb7 7. Rc1 O-O 8. Qc2
Nbd7 9. cxd5 exd5 10. Bd3 h6 11. Bh4 a6 12. O-O c5 13. dxc5 bxc5 14. Be2 Ne4
15. Nxe4 dxe4 16. Bxe7 Qxe7 17. Nd2 Rac8 18. Rfd1 Rfd8 19. Nb3 Rc7 20. Na5 Bc8
21. b4 Nf6 22. Rxd8+ Qxd8 23. bxc5 Bg4 24. Bc4 Qc8 25. Nb3 Bf3 26. gxf3 exf3
27. Kf1 Qh3+ 28. Ke1 Qxh2 29. Nd4 Qh1+ 30. Bf1 Qh5 31. Qf5 Qxf5 32. Nxf5 Ne4
33. c6 a5 34. Bd3 Ng5 35. Ne7+ Rxe7 36. c7 g6 37. c8=Q+ Kg7 38. Qd8 Re5 39. Rc8
1-0

[Event "Solingen"]
[Site "IX. Karnevals-Open"]
[Date "2018.02.09"]
[Round "1.21"]
[White "Ehringfeld, Michael"]
[Black "Asadzade, Idris"]
[Result "0-1"]
[WhiteElo "1624"]
[BlackElo "1971"]
[PlyCount "94"]
[EventDate "2018.??.??"]
[WhiteTeam "SG Solingen"]
[BlackTeam "Königsspringer Leverkusen"]

1. d4 Nf6 2. Nf3 c5 3. d5 e6 4. c4 b5 5. e3 exd5 6. cxd5 a6 7. a4 b4 8. b3 d6
9. Qd3 g6 10. Bb2 Bg7 11. Nbd2 a5 12. Bxf6 Qxf6 13. Qe4+ Kf8 14. Rc1 Qe7 15.
Be2 Qxe4 16. Nxe4 Ke7 17. O-O Nd7 18. Ned2 Nb6 19. e4 f5 20. exf5 Bxf5 21. Bb5
Bc3 22. Rfe1+ Kf7 23. Bc6 Ra7 24. Re3 Bxd2 25. Nxd2 Rc8 26. Rce1 Rcc7 27. Nf3
Re7 28. Ng5+ Kf6 29. Ne4+ Rxe4 30. Rxe4 Bxe4 31. Rxe4 Re7 32. Rf4+ Kg5 33. g3
c4 34. Bb5 Re1+ 35. Kg2 cxb3 36. h4+ Kh6 37. Kh3 b2 38. Bd3 Rd1 39. Bc2 Rh1+
40. Kg2 b3 41. Be4 Re1 42. Bd3 Rd1 43. Be4 Rd4 44. g4 Kg7 45. Rf3 Rxe4 46. Rxb3
Rxg4+ 47. Kh3 Rb4 0-1

[Event "Solingen"]
[Site "IX. Karnevals-Open"]
[Date "2018.02.09"]
[Round "1.22"]
[White "Vranidis, Athanassios"]
[Black "Grunwald, Günther"]
[Result "1-0"]
[WhiteElo "1958"]
[BlackElo "1609"]
[PlyCount "57"]
[EventDate "2018.??.??"]
[WhiteTeam "SG Solingen"]
[BlackTeam "SW Oberhausen"]

1. d4 d5 2. c4 dxc4 3. e4 e5 4. Nf3 exd4 5. Bxc4 Bb4+ 6. Bd2 Bxd2+ 7. Nbxd2 Ne7
8. Ng5 O-O 9. Qh5 h6 10. Nxf7 Rxf7 11. Bxf7+ Kh8 12. O-O Nd7 13. e5 Nc6 14. Nf3
Qe7 15. Rfe1 Nc5 16. Rad1 Be6 17. Bxe6 Nxe6 18. Nh4 Kg8 19. Nf5 Qg5 20. Qxg5
hxg5 21. a3 Kh7 22. b4 a6 23. Re4 Rd8 24. h4 Kg6 25. Ng3 Rd5 26. hxg5 Rxe5 27.
Rxe5 Nxe5 28. Re1 d3 29. Rxe5 1-0

[Event "Solingen"]
[Site "IX. Karnevals-Open"]
[Date "2018.02.09"]
[Round "1.23"]
[White "Rades, Andreas"]
[Black "Schülke, Tilman"]
[Result "0-1"]
[WhiteElo "1514"]
[BlackElo "1945"]
[PlyCount "92"]
[EventDate "2018.??.??"]
[WhiteTeam "MTV Langenberg"]
[BlackTeam "Düsseldorfer SV"]

1. Nf3 g6 2. g3 b5 3. Bg2 Bb7 4. O-O d6 5. d4 Nf6 6. c3 c6 7. Nbd2 Nbd7 8. Re1
Bg7 9. e4 e5 10. c4 O-O 11. cxb5 cxb5 12. d5 Nb6 13. b3 Ne8 14. Nf1 h6 15. Be3
Nf6 16. N3d2 Nfd7 17. Rc1 Rc8 18. Nb1 f5 19. f3 f4 20. Bf2 h5 21. Bh3 fxg3 22.
Be6+ Kh7 23. hxg3 Rxc1 24. Qxc1 Rxf3 25. Nbd2 Rf8 26. Qd1 Nf6 27. Nf3 Ng4 28.
Ng5+ Qxg5 29. Bxg4 Qxg4 30. Qc2 Qd7 31. Kg2 Nc8 32. Ne3 Ne7 33. Rh1 Kg8 34. Qe2
Bc8 35. Rh4 Bf6 36. Rh2 Kg7 37. Kg1 Rh8 38. Ng2 a6 39. b4 Qc7 40. Be1 Bd7 41.
Ne3 Qc8 42. Qf1 Bg5 43. Bd2 Bh6 44. Rf2 Rf8 45. Nf5+ Nxf5 46. exf5 Rxf5 0-1

[Event "Solingen"]
[Site "IX. Karnevals-Open"]
[Date "2018.02.09"]
[Round "1.24"]
[White "Eickholt, Marc"]
[Black "Bünte, Kirsten"]
[Result "1/2-1/2"]
[WhiteElo "1944"]
[BlackElo "1433"]
[PlyCount "117"]
[EventDate "2018.??.??"]
[WhiteTeam "ESK WD Wedau"]
[BlackTeam "Rhedaer SV"]

1. d4 d5 2. c4 e6 3. Nc3 Nf6 4. cxd5 exd5 5. Bg5 Be7 6. e3 Nbd7 7. Bd3 O-O 8.
Nf3 c6 9. Qc2 Re8 10. O-O h6 11. Bf4 Nf8 12. h3 Bd6 13. Bxd6 Qxd6 14. Rab1 Qe7
15. b4 a6 16. a4 b5 17. Ne5 Bb7 18. a5 N8d7 19. Nxd7 Qxd7 20. Ne2 Re7 21. Nc1
Ne8 22. Nb3 Nd6 23. Nc5 Qc7 24. Rbd1 Bc8 25. e4 Nb7 26. e5 Nxc5 27. Qxc5 Re6
28. f4 g6 29. Rf3 Qe7 30. Qc3 Qe8 31. Rdf1 f5 32. g4 Re7 33. Rg3 Rg7 34. Kh2
Raa7 35. Rfg1 Raf7 36. gxf5 Bxf5 37. Bxf5 Rxf5 38. Qc2 Qe6 39. Rc3 Rh5 40. Rgg3
Qf5 41. Qxf5 Rxf5 42. Rxc6 Rxf4 43. Rxa6 Rxd4 44. Raxg6 Rd2+ 45. Kg1 Rxg6 46.
Rxg6+ Kf7 47. Rxh6 d4 48. Rd6 d3 49. Kf1 Rd1+ 50. Kf2 Rb1 51. Rxd3 Rxb4 52. Ra3
Rb2+ 53. Ke3 b4 54. Ra4 b3 55. Rb4 Rh2 56. a6 Rxh3+ 57. Kd2 Rh2+ 58. Kc1 Ra2
59. Rxb3 1/2-1/2

[Event "Solingen"]
[Site "IX. Karnevals-Open"]
[Date "2018.02.09"]
[Round "1.25"]
[White "Zamhöfer, Luca"]
[Black "Pinto, Antonio"]
[Result "1/2-1/2"]
[WhiteElo "1395"]
[BlackElo "1944"]
[PlyCount "93"]
[EventDate "2018.??.??"]
[WhiteTeam "SF Essen-Katernberg"]
[BlackTeam "Italien"]
[BlackTeamCountry "ITA"]

1. e4 c5 2. c3 d5 3. exd5 Qxd5 4. d4 g6 5. Nf3 Bg7 6. Be2 Nf6 7. O-O O-O 8. Be3
cxd4 9. cxd4 Nc6 10. Nc3 Qd8 11. Qd2 b6 12. Rad1 Bb7 13. d5 Nb4 14. Bc4 Rc8 15.
Bb3 Ba6 16. Rfe1 Nd3 17. Rf1 Nxb2 18. Qxb2 Bxf1 19. Kxf1 Ne4 20. Bd4 Bxd4 21.
Nxd4 Nxc3 22. Rc1 Ne4 23. Nc6 Qd6 24. Re1 Rxc6 25. dxc6 Nd2+ 26. Kg1 Nxb3 27.
axb3 Rc8 28. Qa1 a5 29. h3 Rxc6 30. Rd1 Qc7 31. Qb2 e5 32. Re1 Rc5 33. f4 f6
34. b4 Rb5 35. fxe5 fxe5 36. Qa2+ Qf7 37. Qe2 Rxb4 38. Qxe5 Qf4 39. Qe7 Qf8 40.
Qd7 Qc5+ 41. Kh1 Rf4 42. Re8+ Rf8 43. Re7 Qc1+ 44. Kh2 Qf4+ 45. Kh1 Qc1+ 46.
Kh2 Qf4+ 47. Kh1 1/2-1/2

[Event "Solingen"]
[Site "IX. Karnevals-Open"]
[Date "2018.02.09"]
[Round "1.26"]
[White "Vranidis, Georgios"]
[Black "Fodor, Bernhard"]
[Result "1/2-1/2"]
[WhiteElo "1941"]
[BlackElo "1310"]
[PlyCount "48"]
[EventDate "2018.??.??"]
[WhiteTeam "SC Solingen 28"]
[BlackTeam "SG Solingen"]

1. e4 e6 2. d4 Nf6 3. e5 Nd5 4. Nf3 h6 5. c4 Bb4+ 6. Bd2 Bxd2+ 7. Nbxd2 Nf4 8.
g3 Ng6 9. Bg2 f5 10. O-O O-O 11. Qb3 c6 12. d5 Na6 13. a3 Nc5 14. Qe3 Qb6 15.
b4 Na4 16. c5 Qd8 17. dxe6 b5 18. Rfd1 Qe7 19. Nd4 Bb7 20. f4 Rac8 21. Qb3 Kh7
22. Nxb5 Nxc5 23. Qe3 cxb5 24. Bxb7 Nxb7 1/2-1/2

[Event "Solingen"]
[Site "IX. Karnevals-Open"]
[Date "2018.02.09"]
[Round "1.27"]
[White "Egel, Jonas"]
[Black "Borchert, Stephan"]
[Result "0-1"]
[WhiteElo "1796"]
[BlackElo "1936"]
[PlyCount "108"]
[EventDate "2018.??.??"]
[WhiteTeam "SC Solingen 28"]
[BlackTeam "SG Solingen"]

1. e4 e5 2. Nf3 Nc6 3. Bb5 a6 4. Bxc6 dxc6 5. O-O Ne7 6. d4 exd4 7. Qxd4 Qxd4
8. Nxd4 Bd7 9. Nc3 O-O-O 10. Be3 c5 11. Nb3 b6 12. Rad1 Nc6 13. f4 f6 14. Rd2
Bd6 15. Nd5 Kb7 16. Rfd1 Bg4 17. Re1 Rhe8 18. Nc3 Bh5 19. Kf2 c4 20. Nc1 Bb4
21. Rxd8 Rxd8 22. N1e2 Bg6 23. Kf3 Re8 24. Rd1 Bd6 25. g4 h5 26. h3 hxg4+ 27.
hxg4 Rh8 28. Nd5 Rh2 29. f5 Ne5+ 30. Kg3 Rxe2 31. fxg6 Rxc2 32. Nxf6 Nd3+ 33.
Kf3 Bh2 34. Bd4 c5 35. Rxd3 cxd3 36. Bc3 Bg1 37. Nh5 Rf2+ 38. Ke3 c4 39. Nxg7
Rf6+ 40. Kd2 Rxg6 41. Ne8 Bh2 42. Nf6 Bf4+ 43. Ke1 Bg5 44. Ne8 Kc6 45. e5 Bh4+
46. Kd2 Rxg4 47. Nd6 Kd5 48. Nc8 b5 49. b3 Bg5+ 50. Ke1 Rg1+ 51. Kf2 Rc1 52.
bxc4+ bxc4 53. Nb6+ Ke4 54. Bb4 c3 0-1